Normal view
MARC view
- Frank, C. W, Donnell, J. H. Q, Reichmanis, Elsa
Entry Personal Name
001 - CONTROL NUMBER
- control field: 67957
003 - CONTROL NUMBER IDENTIFIER
- control field: NUST
005 - DATE AND TIME OF LATEST TRANSACTION
- control field: 20210628203938.0
008 - FIXED-LENGTH DATA ELEMENTS
- fixed length control field: 210628|| aca||aabn | a|a d
040 ## - CATALOGING SOURCE
- Original cataloging agency: NUST
- Transcribing agency: NUST
100 ## - HEADING--PERSONAL NAME
- Personal name: Frank, C. W, Donnell, J. H. Q, Reichmanis, Elsa
670 ## - SOURCE DATA FOUND
- Source citation: Work cat.: (NUST): Frank, C. W, Donnell, J. H. Q, Reichmanis, Elsa, Irrodiation of polymaric materials, processes mechanisms and applications, 1993
